Most Popular Baby Boy Names in Brazil - Statistics

General Stats
  • This quiz has been taken 192 times
  • The average score is 16 of 35
Answer Stats
Answer % Correct
João
79%
Pedro
77%
José
75%
Carlos
71%
Gabriel
68%
Luís
68%
Luiz
68%
Antônio
64%
Lucas
63%
Paulo
63%
Felipe
57%
Miguel
55%
Marcos
54%
Rafael
54%
Bruno
50%
Davi
50%
Francisco
50%
Rodrigo
45%
Vitor
44%
Arthur
39%
Marcelo
38%
Matheus
38%
Samuel
37%
Bernardo
36%
Guilherme
35%
Fábio
34%
Gustavo
33%
Theo
24%
Gael
19%
Márcio
19%
Manoel
17%
Sebastião
13%
Raimundo
11%
Heitor
10%
Geraldo
9%
No matching quizzes found
Score Distribution
Percent of People with Each Score
Percentile by Number Answered
Your Score History
You have not taken this quiz